000 00398nam a2200181Ia 4500
001 2294
005 20260306144756.0
008 260306t1987||||xx |||||||||||||| ||spa||
041 _aESP
082 _a616.8553
_bH99
100 _aHynd, George W.
_eAUT
245 0 _aDislexia
260 _c1987
300 _a272 páginas :
_ccm.
650 _aGEN
654 _aCPS
942 _cLIB
_dJUS
_fJUS
_2ddc
_n
999 _c2294
_d2294